All Pro First Team 2019 - Statistics

General Stats
  • This quiz has been taken 69 times
  • The average score is 21 of 30
Answer Stats
Position Player Team % Correct
RB Christian McCaffrey Panthers
100%
Flex Christian McCaffrey Panthers
100%
QB Lamar Jackson Ravens
100%
WR DeAndre Hopkins Texans
98%
DT Aaron Donald Rams
96%
WR Michael Thomas Saints
96%
TE George Kittle 49ers
94%
LB Bobby Wagner Seahawks
90%
C Jason Kelce Eagles
88%
DE T. J. Watt Steelers
88%
LG Quenton Nelson Colts
86%
K Justin Tucker Ravens
84%
CB Stephon Gilmore Patriots
82%
RG Zack Martin Cowboys
82%
DT Cameron Heyward Steelers
76%
DE Chandler Jones Cardinals
76%
CB Tre'Davious White Bills
73%
LB Demario Davis Saints
69%
S Jamal Adams Jets
61%
DB Marlon Humphrey Ravens
59%
S Minkah Fitzpatrick Steelers
59%
LT Ronnie Stanley Ravens
55%
LB Eric Kendricks Vikings
53%
DB Tyrann Mathieu Chiefs
49%
DB Marcus Peters Ravens
41%
RT Ryan Ramczyk Saints
41%
KR Cordarrelle Patterson Bears
37%
ST Matthews Slater Patriots
29%
PR Deonte Harris Saints
25%
P Brett Kern Titans
20%
No matching quizzes found
Score Distribution
Percent of People with Each Score
Percentile by Number Answered
Your Score History
You have not taken this quiz